| 000 | 00386nam a2200157Ia 4500 | ||
|---|---|---|---|
| 008 | 210210b1974 xxu||||| |||| 00| 0 eng d | ||
| 020 | _a0 7121 0413 5 | ||
| 082 | _a330.03 HAND | ||
| 100 | _aHANSON (J L). | ||
| 245 | _aDictionary of economics and commerce.Ed 4. | ||
| 250 | _a | ||
| 260 |
_aLondon _bE L B S _c1974 |
||
| 300 | _aviii,487 | ||
| 690 | _aDictionaries | ||
| 906 | _a031446 | ||
| 999 |
_c82702 _d82702 |
||